000 01395cam a2200385 a 4500
001 4440
003 FISKH
005 20250820124225.0
008 911028s1993 nyua j 000 0beng
010 _a 91042137
020 _a0590440659 :
040 _aDLC
_cDLC
_dDLC
_beng
050 _aE185.K5
082 _a323.092
100 1 _aMarzollo, Jean.
245 1 0 _aHappy birthday, Martin Luther King /
_cby Jean Marzollo ; illustrated by J. Brian Pinkney.
250 _aFirst Scholastic trade paperback printing, January 2000
260 _aNew York :
_bScholastic,
_c1993.
300 _a30 unnumbered pages :
_bcolor illustrations ;
_c28 cm
505 _aQ
520 _aAn introduction to a great civil rights leader.
521 8 _a700
_bLexile
521 8 _aQ
_bRaz-Plus
600 1 0 _aKing, Martin Luther,
_cJr.,
_d1929-1968
_vJuvenile literature.
600 1 1 _aKing, Martin Luther,
_cJr.,
_d1929-1968.
650 0 _aAfrican Americans
_vBiography
_vJuvenile literature.
650 0 _aCivil rights workers
_zUnited States
_vBiography
_vJuvenile literature.
650 0 _aBaptists
_zUnited States
_xClergy
_vBiography
_vJuvenile literature.
650 1 _aCivil rights workers.
650 1 _aAfrican Americans
_vBiography.
700 1 _aPinkney, J. Brian,
_eillustrator
906 _a7
_bcbc
_corignew
_d1
_eocip
_f19
_gy-gencatlg
942 _2ddc
_cBK
_n0
999 _c4440
_d4440